| 000 | 00656cam a22002531 4500 | ||
|---|---|---|---|
| 001 | sa 68010746 | ||
| 003 | DLC | ||
| 005 | 20260227112554.0 | ||
| 008 | 941012s1968 ii b 000 0 beno | ||
| 010 | _asa 68010746 | ||
| 025 | _aPL480:I-B-3438 | ||
| 035 | _a(OCoLC)31268516 | ||
| 040 |
_aDLC _cCU _dCU _dDLC |
||
| 042 | _apremarc | ||
| 050 | 0 | 0 |
_aDS448 _b.D34 |
| 100 | 1 |
_aDe, Amalendu, _d1930- |
|
| 245 | 1 | 0 | _aKhākasāra āndolanera itihāsa. |
| 260 | _c[1968] | ||
| 300 |
_a179 p. _c22 cm. |
||
| 500 | _aIn Bengali. | ||
| 504 | _aIncludes bibliographies. | ||
| 650 | 0 |
_aMuslims _zIndia. |
|
| 651 | 0 |
_aIndia _xPolitics and government _y1919-1947. |
|
| 999 |
_c83508 _d83508 |
||